00964 2200349 4500001002100000005001500021035002000036007000300056040001700059100002700076245007600103250001000179300003600189041000800225082000800233084001400241090002200255264003600277336002100313337003000334338002300364650000900387850001000396008004100406020002200447500002900469700002300498504003000521990002100551990002100572990002100593INLIS00000000000594320260423085951 a0010-0322000187ta aSBPUPADbind0 aAndi HamzahePengarang1 aDelik - Delik Tertentu {Speciale Delicten} Di Dalam Kuhp /cAndi Hamzah aCet.3 axx, 206 Hal. :bIllus. ;c21 cm0 aind a340 a340 AND d a341.23 HUT k 11-5 aJakarta :bSinar Grafika,c2010 2rdacontentaTeks 2rdamediaaTanpa Perantara 2rdacarrieravolume 4aKUHP aPUPAD260423 0  a978-979-007-309-8 aBiografi Penulis,hlm 2050 aTarmiziePengarang abibliografi, hlm. 203-204 a921/BR/KAPD-2011 a920/BR/KAPD-2011 a922/BR/KAPD-2011